Documento firmado por Bocanegra (Record no. 4820)
[ view plain ]
| 000 -CABECERA | |
|---|---|
| campo de control de longitud fija | 01701nam a2200313 a 4500 |
| 001 - NÚMERO DE CONTROL | |
| campo de control | BRCA_5126 |
| 005 - FECHA Y HORA DE LA ÚLTIMA TRANSACCIÓN | |
| campo de control | 20190320204941.0 |
| 008 - DATOS DE LONGITUD FIJA--INFORMACIÓN GENERAL | |
| campo de control de longitud fija | 191110s1841----mx-######v---#000-0#spa-# |
| 041 ## - CÓDIGO DE LENGUA | |
| Código de lengua del texto/banda sonora o título independiente | spa |
| 044 ## - CÓDIGO DEL PAÍS DE LA ENTIDAD EDITORA/PRODUCTORA | |
| Código MARC del país | mx |
| 084 ## - OTRO NÚMERO DE CLASIFICACIÓN | |
| Número de clasificación | DOC102A |
| Número de documento/Ítem | .B63 |
| -- | 1841 |
| 100 1# - ENTRADA PRINCIPAL--NOMBRE DE PERSONA | |
| Nombre de persona | Bocanegra, José María |
| Fechas asociadas al nombre | 1787-1862 |
| 9 (RLIN) | 13080 |
| 245 10 - MENCIÓN DE TÍTULO | |
| Título | Documento firmado por Bocanegra |
| Mención de responsabilidad, etc. | José María Bocanegra, Eduardo Goroztiza, Ignacio Valdivielso. |
| 260 ## - PUBLICACIÓN, DISTRIBUCIÓN, ETC. | |
| Lugar de publicación, distribución, etc. | México |
| Fecha de publicación, distribución, etc. | 1841 |
| 300 ## - DESCRIPCIÓN FÍSICA | |
| Extensión | [1] foja |
| Dimensiones | 27 x 21 cm |
| 500 ## - NOTA GENERAL | |
| Nota general | Documento firmado el 4 de diciembre de 1841 |
| 500 ## - NOTA GENERAL | |
| Nota general | Bocanegra escribe a Goroztiza comunicándole que por acuerdo del señor Presidente se le nombra Secretario de la Legación Mexicana en España en virtud de sus buenos servicios prestados en los cargos desempeñados. Sueldo |
| Especificación de materiales | ,000, igual comunicación se le dirige al encargado de Negocios en esa corte Señor Valdivielso |
| 500 ## - NOTA GENERAL | |
| Nota general | El documento contiene la leyenda DOC. #264 |
| 500 ## - NOTA GENERAL | |
| Nota general | Al margen: PUBLICA MEXICANA MINISTERIO DE RELACIONES EXTERIORES DE GOBERNACIÓN. PALACIO DE GOBIERNO NACIONAL. México 4 de diciembre de 1841. |
| 500 ## - NOTA GENERAL | |
| Nota general | Estado de conservación: contiene el margen derecho maltratado |
| 506 0# - NOTA DE RESTRICCIONES AL ACCESO | |
| Limitaciones de acceso | Fondo reservado: para su consulta es necesario credencial de usuario y carta de motivos |
| 546 ## - NOTA DE LENGUA/LENGUAJE | |
| Nota de lengua/lenguaje | Texto en: español de mediados del siglo XIX |
| 600 14 - PUNTO DE ACCESO ADICIONAL DE MATERIA--NOMBRE DE PERSONA | |
| Nombre de persona | Bocanegra, José María |
| Fechas asociadas al nombre | 1787-1862 |
| 9 (RLIN) | 13080 |
| 650 14 - PUNTO DE ACCESO ADICIONAL DE MATERIA--TÉRMINO DE MATERIA | |
| Término de materia o nombre geográfico como elemento de entrada | Relaciones internacionales |
| Subdivisión de forma | Impreso con rúbricas |
| Subdivisión general | Historia |
| Subdivisión cronológica | Federalismo y centralismo, 1824-1853 |
| Subdivisión geográfica | México |
| 9 (RLIN) | 13081 |
| 700 1# - PUNTO DE ACCESO ADICIONAL--NOMBRE DE PERSONA | |
| Nombre de persona | Goroztiza y Cepeda, Manuel María del Pilar Eduardo |
| Fechas asociadas al nombre | 1789-1851 |
| 9 (RLIN) | 13082 |
| 700 1# - PUNTO DE ACCESO ADICIONAL--NOMBRE DE PERSONA | |
| Nombre de persona | Valdivielso, Ignacio |
| Fechas asociadas al nombre | 1805-1861 |
| 9 (RLIN) | 13083 |
| 902 ## - CATALOGADOR | |
| Iniciales | FDH |
| 942 ## - ELEMENTOS DE PUNTO DE ACCESO ADICIONAL (KOHA) | |
| Fuente del sistema de clasificación o colocación | Library of Congress Classification |
| Tipo de ítem Koha | Documentos |
| Estado de retiro | Estado de pérdida | Estado dañado | No para préstamo | Localización permanente | Ubicación/localización actual | Fecha de adquisición | Total de préstamos | Signatura topográfica completa | Código de barras | Fecha visto por última vez | Precio válido a partir de | Tipo de ítem Koha |
|---|---|---|---|---|---|---|---|---|---|---|---|---|
| El ejemplar forma parte de la colección y puede ser consultado según las políticas vigentes. | Biblioteca del Museo Franz Mayer (Rogerio Casas-Alatriste) | Biblioteca del Museo Franz Mayer (Rogerio Casas-Alatriste) | 19/11/2010 | DOC102A .B63 1841 | 5467 | 22/03/2019 | 22/03/2019 | Documentos |